00826 a2200181 4500001000700000020001800007040003200025100002100057245002800078260001100106300003400117362000900151520040600160650001900566650002100585650001200606650002600618121740 a9780333982242 cEscola Canadense de Niteroi aDonaldson, Julia10aThe snail and the whale aLondon a32 p.c1 x 0.16 x 9.84 inches0 a2004 aHow I long to sail! said the tiny snail. One little snail longs to see the world and hitches a lift on the tail of an enormous whale. Together they go on an amazing journey, past icebergs and volcanoes, sharks and penguins, and the little snail feels so small in the vastness of the world. But when disaster strikes and the whale is beached in a bay, it's the tiny snail's big plan that saves the day. 4aHelping Others 4aStories in rhyme 4aTravels 4aChildren's Literature